| 000 | 00811cam a2200241 a 4500 | ||
|---|---|---|---|
| 001 | 000007519 | ||
| 005 | 20200929154210.0 | ||
| 008 | 970115s1994 sp b 001 p spa | ||
| 020 | _a8479620633 | ||
| 040 |
_aDO-SdBNP _cDLC |
||
| 082 |
_aCu863.44 _bK88H |
||
| 100 | 1 |
_aHeredia, Aida L. _920878 |
|
| 245 | 1 | 3 |
_aLa poesía de José Kozer : _bde la recta a las cajas chinas / _cAida L. Heredia. |
| 260 |
_aMadrid : _bVerbum, _c1994. |
||
| 300 |
_a144 p. ; _c20 cm. |
||
| 490 | 1 | _aVerbum ensayo | |
| 504 | _aBibliografías: p. 141-144. | ||
| 600 | 1 | 0 |
_aKOZER, JOSÉ, _xCRÍTICA E INTERPRETACIÓN _920879 |
| 650 | 4 |
_aPoesía cubana _xCrítica e interpretación _919776 |
|
| 650 | 4 |
_aLiteratura cubana _xCrítica e interpretación _919777 |
|
| 830 | 0 |
_aVerbum ensayo _920880 |
|
| 910 | _aCatalogación por copia / LC | ||
| 999 |
_c7300 _d7300 |
||